000 00868-am-a2200217-a-4500
001 000205194
003 AM-YEHGA
005 20250617164453.0
008 990421s1962 xxu 000 0 rus u
020 _c1.10
040 _aAM-YeHGA
100 1 _aЖданов, Юрий Андреевич
245 1 0 _aХимические превращения углеродного скелета углеводов /
_cЮ.А. Жданов, Г.Н. Дорофеенко ; ИХПС, АН СССР.
260 _aМосква :
_bАН СССР,
_c1962.
300 _a212 с. :
_bил.
504 _aБиблиогр. в конце глав
650 1 4 _aУглеводы
700 1 _aДорофеенко, Геннадий Николаевич
710 2 _aИнститут химии природных соединений Академия наук
090 _c531810
999 _c524614
_d524614